000 00650nmm a2200205Ia 4500
008 251105s9999||||xx |||||||||||||||||und||
020 _a9788497883795
041 _aspa
100 _aSangrà Morer, Albert
245 0 _aLos materiales de aprendizaje en contextos educativos virtuales.
264 _a[Madrid, España] :
_bUniversitat Oberta de Catalunya,
_c2005
300 _a84 páginas
650 _aEducation
700 _aSangrà Morer, Albert
700 1 _a Girona Campillo, Cristina
700 1 _a Mas Casanova, Xavier
700 1 _a Guàrdia Ortiz, Lourdes
856 _uhttps://public.digitaliapublishing.com/a/20411
942 _cCF
999 _c71111
_d71111